| 000 | 01490cas a22004217ar4500 | ||
|---|---|---|---|
| 005 | 20220329142439.0 | ||
| 008 | 010226d19801996mx qr pernn 0 b0spa d | ||
| 010 | _a83617 | ||
| 011 | _a84589 | ||
| 022 | _a0185-075X | ||
| 035 | _a95113 | ||
| 245 | 0 | 0 |
_aCiencia-Academia de la Investigación Científica _c/por la Academia de la Investigación Científica |
| 260 | 0 |
_aMéxico, D.F. : _bAcademia de la Investigación Científica, _c1980-1996. |
|
| 300 | _av. | ||
| 310 | _aTrimestral | ||
| 362 | 1 | _av.47 n.4,1996. | |
| 590 |
_aBATCH-UPD _b10 _c20130110 _lUCH01 _h1426 |
||
| 590 |
_aBATCH-UPD _b10 _c20130410 _lUCH01 _h0905 |
||
| 590 |
_aBATCH-UPD _b10 _c20130914 _lUCH01 _h0934 |
||
| 590 |
_aCONVERSION _b10 _c20130109 _lUCH01 _h1346 |
||
| 650 | 1 | 4 |
_aCiencia _xPublicaciones periódicas. _923133 |
| 780 | 0 | 0 | _tCiencia-Patronato de Ciencias de México |
| 780 | 0 | 0 | _tCiencia-Patronato de Ciencias de México |
| 785 | 0 | 0 | _tCiencia-Academia Mexicana de Ciencias |
| 785 | 0 | 0 | _tCiencia-Academia Mexicana de Ciencias |
| 866 | _av.31 n.1-v.37 n.4 (1980-1986) | ||
| 866 | _av.38 n.1-3 (1987) | ||
| 866 | _av.39 n.1-4 (1988) | ||
| 866 | _av.40 n.1,3 (1989) | ||
| 866 | _av.41 n.1-4 (1990) | ||
| 866 | _av.42 n.1-2,4 (1991) | ||
| 866 | _av.43 n.1,3-4 (1992) | ||
| 866 | _av.44 n.1-4 (1993) | ||
| 866 | _av.45 n.1-2,4 (1994) | ||
| 866 | _av.46 n.1-v.47 n.4 (1995-1996) | ||
| 901 | _aSE | ||
| 905 | _aMarco A. Mendoza T. | ||
| 999 |
_c83617 _d83617 |
||